Normal view
MARC view
- المس الشيطاني- السحر
Entry Topical Term
001 - CONTROL NUMBER
- control field: 35686
003 - CONTROL NUMBER IDENTIFIER
- control field: JO-AjAnu
005 - DATE AND TIME OF LATEST TRANSACTION
- control field: 20230606075950.0
008 - FIXED-LENGTH DATA ELEMENTS
- fixed length control field: 230606|| aca||aabn | a|a d
040 ## - CATALOGING SOURCE
- Original cataloging agency: JO-AjAnu
- Transcribing agency: JO-AjAnu
150 ## - HEADING--TOPICAL TERM
- Topical term or geographic name entry element: المس الشيطاني- السحر
670 ## - SOURCE DATA FOUND
- Source citation: Work cat.: (JO-AjAnu)18324: الجبالي، أبو محمد ، سعد الدين علامة, author 35685, أفعال شيطانية في ليلة الدخلة: الربط وأنواعه وطرق علاجه